000 00648nam a2200229 i 4500
001 C2-0014217
003 PPAK
005 20190630221928.0
008 970201s1988 at a|||| ||||| | eng d
040 _aPPAK
_beng
_cPPAK
_erda
082 0 4 _a746.432
_223
090 0 0 _a746.432
_bKEE
_dR
100 1 _aKee, Jenny,
_eauthor
245 1 0 _aJenny Kee winter knits
264 1 _aBrookvale, New South Wales, Australia :
_bSimon & Schuster Australia ,
_c1988
300 _a102 pages :
_billustrations ;
_c29 cm
336 _2rdacontent
_atext
337 _2rdamedia
_aunmediated
338 _2rdacarrier
_avolume
650 1 0 _aKnitting
942 _ddc
_cB
999 _c3499
_d3499